000 00551nam a2200193Ia 4500
001 17063
003 GE_BSU
008 181216s||||||||xx |||||||||||||| ||und||
040 _cGE_BSU
100 _aასათიანი, ლ. (ლადო, 1917-1943)
245 _aლექსები
245 _cრედ.ლ.ბრეგვაძე
260 _aთბილისი
260 _bსაბჭ. საქართველო
260 _c1984
300 _a144 გვ. ; 16 სმ
653 _aლექსები
942 _cBK
999 _c50125
_d50125